000 00550nam a2200193Ia 4500
003 GCL
008 140319s9999 xx 000 0 ara d
040 _aGCL /
_cGCL
082 0 4 _a818.03
_bج ب
245 1 0 _aالبئر الاول : فصول من سيرة ذاتية
260 _a[S.N] :
_bرياض الريس للكتب والنشر ،
_c1987
300 _a194 ص
490 _a
650 0 4 _aالادب العربى
650 0 4 _aالمذكرات
650 0 4 _aالتراجم
650 0 4 _aالتراجم الذاتية
942 _2ddc
_cBK
999 _c56019
_d56019